000 00607nam a2200229 a 4500
001 BRCA_7214
005 20190320205744.0
008 170112s1940----u--af#####---#000-0#eng-#
041 _aeng
044 _au
050 4 _aND50
_b.H57
245 1 0 _aHistory of painting in color
260 _aNewton, Mass
_bThe University Prints
_c[1940]
300 _a1 estuche con láminas
_bil., 171 láminas
_c21 cm.
500 _aP109
650 1 4 _aPinturas
_99534
650 1 4 _aPinturas
_xHistoria
_917874
650 1 4 _aPinturas
_vCatálogos
_94930
700 1 _aMorey
_eed.
_917875
902 _aGFM
942 _2lcc
_cB
999 _c6895
_d6895